Central Library OPAC University of Rajshahi

Phineas Finn: (Record no. 20314)

MARC details
000 -LEADER
fixed length control field 01160cam a2200337 a 4500
001 - CONTROL NUMBER
control field 20314
003 - CONTROL NUMBER IDENTIFIER
rucl marc code BD-RjUL
005 - DATE AND TIME OF LATEST TRANSACTION
control field 20211209000540.0
008 - FIXED-LENGTH DATA ELEMENTS--GENERAL INFORMATION
fixed length control field 140227s1882 enkch b 000 1 eng
020 ## - INTERNATIONAL STANDARD BOOK NUMBER
International Standard Book Number 0140430857
035 ## - SYSTEM CONTROL NUMBER
System control number (BD-RjUL)20376
System control number 1915190
040 ## - CATALOGING SOURCE
Original cataloging agency LC
Language of cataloging eng
Transcribing agency LC
Modifying agency LC
-- TU
041 ## - LANGUAGE CODE
Language code of text/sound track or separate title eng
082 00 - DEWEY DECIMAL CLASSIFICATION NUMBER
Classification number 823.8
Author mark and year TRP
100 1# - MAIN ENTRY--PERSONAL NAME
Personal name Trollope, Anthony,
Dates associated with a name 1815-1882.
9 (RLIN) 62614
245 10 - TITLE STATEMENT
Title Phineas Finn:
Remainder of title the Irish member /
Statement of responsibility, etc. edited with an introduction by John Sutherland.
260 ## - PUBLICATION, DISTRIBUTION, ETC. (IMPRINT)
Place of publication, distribution, etc. Harmondsworth :
Name of publisher, distributor, etc. Penguin,
Date of publication, distribution, etc. 1882.
300 ## - PHYSICAL DESCRIPTION
Pagination 439 p. :
Illustrations facsim., port. ;
Size 19 cm.
490 0# - SERIES STATEMENT
Series statement Penguin English library
504 ## - BIBLIOGRAPHY, ETC. NOTE
Bibliography, etc Bibliography: p. 33-34.
650 #0 - SUBJECT ADDED ENTRY--TOPICAL TERM
Topical term or geographic name as entry element Palliser, Plantagenet (Fictitious character)
General subdivision Fiction.
9 (RLIN) 62615
Topical term or geographic name as entry element Legislators
Geographic subdivision Ireland
General subdivision Fiction.
9 (RLIN) 62616
651 #0 - SUBJECT ADDED ENTRY--GEOGRAPHIC NAME
Geographic name London (England)
General subdivision Social life and customs
Chronological subdivision 19th century
General subdivision Fiction.
9 (RLIN) 62617
Geographic name Ireland
General subdivision Social life and customs
Chronological subdivision 19th century
General subdivision Fiction.
9 (RLIN) 62618
700 1# - ADDED ENTRY--PERSONAL NAME
Personal name Sutherland, John,
Dates associated with a name 1938-,
Relator term ed.
942 ## - ADDED ENTRY ELEMENTS (KOHA)
Source of classification or shelving scheme Dewey Decimal Classification
Koha item type Books
Holdings
Lost status Source of classification or shelving scheme Damaged status Not for loan Collection code Permanent Location Current Location Shelving location Date acquired Source of acquisition Cost, normal purchase price Total Checkouts Full call number Date last seen Copy number Koha item type
  Dewey Decimal Classification     Fiction Central Library, University of Rajshahi Central Library, University of Rajshahi   22/08/1970 Zeitlinger 18.00   823.8 TRP 1882 27/02/2014 C-2 Books